Ils ont incarné d'Artagnan - Statistiques

Statistiques générales
  • Ce quiz a été pris 6 fois
  • Le résultat moyen est 2 sur 25
Statistiques - réponses
Année Film Acteur % Correct
2023 Les Trois mousquetaires François Civil
67%
2002 Blanche Gérard Depardieu
33%
1948 Les Trois mousquetaires Gene Kelly
17%
1954 Si Versailles m'était conté... Gérard Philippe
17%
1963 Cyrano et d'Artagnan Jean Pierre Cassel
17%
1973 Les Trois mousquetaires Michael York
17%
1974 On l'appelait Milady Michael York
17%
1989 Le retour des mousquetaires Michael York
17%
2004 La femme mousquetaire Michael York
17%
1969 D'Artagnan Dominique Paturel
0%
1921 Les Trois mousquetaires Douglas Fairbanks
0%
2004 Milady Florent Pagny
0%
1978 Les Trois mousquetaires ou l'escrime ne paie pas Francis Perrin
0%
1963 Le quatrième mousquetaire Georges Rivière
0%
1961 Les Trois mousquetaires Gérard Barray
0%
1984 Le fou du roy Guy Delorme
0%
1954 Le vicomte de Bragelonne Jacques Dumesnil
0%
1959 Les Trois mousquetaires Jean-Paul Belmondo
0%
1974 Les quatre Charlots mousquetaires Jean Valmont
0%
1974 A nous quatre Cardinal ! Jean Valmont
0%
2001 D'Artagnan Justin Chambers
0%
1977 L'homme au masque de fer Louis Jourdan
0%
1977 D'Artagnan amoureux Nicolas Silberg
0%
2005 D'Artagnan et les Trois mousquetaires Vincent Elbaz
0%
1939 L'homme au masque de fer Warren William
0%
Aucun quiz correspondant
Distribution des résultats
% des personnes avec chaque résultat
Percentile par nombre de réponses
Votre historique - résultats
Vous n’avez pas pris ce quiz